01324nam a2200301 a 450000100100000000500170001000800410002702000150006804000250008308200260010810000410013424500570017525000120023226000630024430000210030749000260032850000700035458600300042459000270045465000270048165000310050883000320053991000410057195201390061295201240075195201300087599900170100500002139020240530073919.0100907s2007 dr 000 f spa d z1881715604 aDO-SdBNPbspacBNPHU aRD863.44bV145b, 20071 aValdez, Pedro Antonio,d1968-92250910aBachata del ángel caído /cPedro Antonio Valdez. a5a. ed. aSan Juan, Puerto RicoaSanto Domingo :bIsla Negra,c2007. a187 p. ;c22 cm.1 aLa montaña de papel aIncluye datos biográficos del autor en la solapa de la cubierta aPremio Nacional de Novela aInventariado, 2020 /LP 0aNovela dominicana9223 0aLiteratura dominicana.967 0aLa montaña de papel91186 aValidado. Control de calidad MMOLINA 001054708DSaGRbGRcHDd2010-09-07iLF1l0oRD863.44 V145b, 2007p21390-30r2020-06-25te. 3w2020-06-25yLFDSZPréstamo en sala 0010718PDaPDbPDcHDd2010-09-07iLF1l0oRD863.44 V145b, 2007p21390-10r2020-06-25w2020-06-25yLFPDZNo se presta 0010718PDaPDbPDcHDd2010-09-07iLF1l0oRD863.44 V145b, 2007p21390-20r2020-06-25te. 2w2020-06-25yLFPDZNo se presta c20890d20890